000 00605nam a2200241Ia 4500
003 OSt
005 20221005131045.0
006 a|||||r|||| 00| 0
007 ta
008 221004b |||||||| |||| 00| 0 eng d
024 _a36355
037 _cTextual
040 _aCRL
_cCRL
_beng
041 _2eng
_aeng
082 _aO:1N111x, H6
100 _aPatchen Kenneth
_9639064
245 0 _aSelected poems
260 _c1946
490 _a(New classics series,13).
650 _aENGLISH LITERATURE
942 _hO:1N111x, H6
_cTEXL
_2cc
999 _c1059216
_d1059216